000 00649nam a2200229 a 4500
999 _c1400
_d1400
001 1400
003 BD-JhCC
005 20190319134006.0
008 171018s2002 bg ||||| |||| 00| 0 be d
020 _a9844102960
035 _a(BD-JhCC) 1400
040 _aBD-JhCC
_dBD-JhCC
041 _aben
082 _a891.4435
_bSHA 2002
100 _aশাকুর, আবদুশ
245 _aগল্পসমগ্র /
_cআবদুশ শাকুর
260 _aঢাকা :
_bমাওলা ব্রাদার্স
_c2002
300 _a508 p. :
_c21 cm
650 _aCollection of Stories
942 _2ddc
_cBK
_02